000 01551nam a2200325Ia 4500
001 ebr10142081
003 CaPaEBR
006 m u
007 cr cn|||||||||
008 941227s1995 nyu sb 001 0 eng d
010 _z 95049132
020 _z019509591X
040 _aCaPaEBR
_cCaPaEBR
035 _a(OCoLC)251536555
050 1 4 _aQC173.59.S65
_bE15 1995eb
082 0 4 _a530.1/1
_220
100 1 _aEarman, John.
245 1 0 _aBangs, crunches, whimpers, and shrieks
_h[electronic resource] :
_bsingularities and acausality in relativistic spacetimes /
_cJohn Earman.
260 _aNew York :
_bOxford University Press,
_c1995.
300 _a257 p.
504 _aIncludes bibliographical references and index.
505 0 _a1. Introducing Spacetime Singularities and Acausalities -- 2. Defining, Characterizing, and Proving the Existence of Spacetime Singularities -- 3. Cosmic Censorship -- 4. Supertasks -- 5. The Big Bang and the Horizon Problem -- 6. Time Travel -- 7. Eternal Recurrence, Cyclic Time, and All That -- 8. Afterword.
533 _aElectronic reproduction.
_bPalo Alto, Calif. :
_cebrary,
_d2009.
_nAvailable via World Wide Web.
_nAccess may be limited to ebrary affiliated libraries.
650 0 _aSpace and time.
650 0 _aGeneral relativity (Physics)
650 0 _aSingularities (Mathematics)
655 7 _aElectronic books.
_2local
710 2 _aebrary, Inc.
856 4 0 _uhttp://site.ebrary.com/lib/rucke/Doc?id=10142081
_zAn electronic book accessible through the World Wide Web; click to view
999 _c90134
_d90134